Statistics for FC Bayern Munich Players 2015

Click here to take the quiz!

General Stats

  • This quiz has been taken 121 times
  • The average score is 21 of 40

Answer Stats

PlayerPostCountryTime Played% Correct
Manuel NeuerGKGermany4455'
100%
Robert LewandowskiSTPoland4206'
97%
Thomas MüllerSTGermany3827'
96%
Jérôme BoatengDFGermany3869'
93%
David AlabaDFAustria2797'
90%
Arjen RobbenSTNetherlands1592'
86%
Philipp LahmMFGermany3134'
83%
Arturo VidalMFChile1731'
82%
Franck RibérySTFrance519'
82%
Javi MartinezDFSpain1282'
82%
ThiagoMFSpain2010'
82%
Xabi AlonsoMFSpain3234'
79%
DanteDFBrazil1279'
76%
RafinhaDFBrazil3390'
71%
Mario GötzeMFGermany2321'
70%
Bastian SchweinsteigerMFGermany1608'
68%
Douglas CostaSTBrazil1688'
68%
Medhi BenatiaDFMorocco1484'
67%
Kingsley ComanSTFrance1250'
61%
Juan BernatDFSpain2567'
57%
Joshua KimmichMFGermany788'
54%
Claudio PizarroSTPeru159'
47%
Tom StarkeGKGermany0'
45%
Sebastian RodeMFGermany1035'
43%
Pepe ReinaGKSpain193'
41%
Sven UlreichGKGermany180'
41%
Holger BadstuberDFGermany994'
40%
Julian GreenSTUSA62'
33%
Pierre-Emile HojbjergMFDenmark45'
23%
Gianluca GaudinoMFGermany228'
21%
Mitchell WeiserMFGermany900'
18%
Fabian BenkoMFGermany0'
13%
Patrick WeihrauchMFGermany0'
11%
Sinan KurtSTGermany45'
10%
Ivan LucicGKAustria0'
9%
Milos PantovicSTSerbia1'
9%
Jan KirchhoffDFGermany1'
7%
Philipp SteinhartDFGermany0'
6%
Lukas GörtlerSTGermany18'
3%
Rico StriederMFGermany90'
3%

Score Distribution

Percentile by Number Answered

Percent of People with Each Score

Your Score History

You have not taken this quiz